|
|
|
|
| LEADER |
01529nam a2200385Ia 4500 |
| 001 |
EBC3050579 |
| 003 |
MiAaPQ |
| 005 |
20200520144314.0 |
| 006 |
m o d | |
| 007 |
cr cn||||||||| |
| 008 |
030214s2003 dcu sbs i001 0 eng d |
| 020 |
|
|
|z 082135437X
|
| 035 |
|
|
|a (MiAaPQ)EBC3050579
|
| 035 |
|
|
|a (Au-PeEL)EBL3050579
|
| 035 |
|
|
|a (CaPaEBR)ebr10040034
|
| 035 |
|
|
|a (CaONFJC)MIL8682
|
| 035 |
|
|
|a (OCoLC)53333794
|
| 040 |
|
|
|a MiAaPQ
|c MiAaPQ
|d MiAaPQ
|
| 050 |
|
4 |
|a HD3616.D452
|b K54 2003
|
| 082 |
0 |
4 |
|a 338.9/009172/4
|2 21
|
| 100 |
1 |
|
|a Klein, Michael
|q (Michael U.)
|
| 245 |
1 |
4 |
|a The Private sector in development
|h [electronic resource] :
|b entrepreneurship, regulation, and competitive disciplines /
|c Michael U. Klein, Bita Hadjimichael.
|
| 260 |
|
|
|a Washington, D.C. :
|b World Bank,
|c 2003.
|
| 300 |
|
|
|a ix, 220 p.
|
| 504 |
|
|
|a Includes bibliographical references and index.
|
| 533 |
|
|
|a Electronic reproduction. Ann Arbor, MI : ProQuest, 2015. Available via World Wide Web. Access may be limited to ProQuest affiliated libraries.
|
| 650 |
|
0 |
|a Industrial policy
|z Developing countries.
|
| 650 |
|
0 |
|a Trade regulation
|z Developing countries.
|
| 650 |
|
0 |
|a Entrepreneurship
|z Developing countries.
|
| 650 |
|
0 |
|a Capitalism
|z Developing countries.
|
| 650 |
|
0 |
|a Competition
|z Developing countries.
|
| 655 |
|
4 |
|a Electronic books.
|
| 700 |
1 |
|
|a Hadjimichael, Bita,
|d 1958-
|
| 710 |
2 |
|
|a ProQuest (Firm)
|
| 856 |
4 |
0 |
|u https://ebookcentral.proquest.com/lib/matrademy/detail.action?docID=3050579
|z Click to View
|